[Event "Championnat de France - Accession Fémini"]
[Site "Nimes"]
[Date "2009.08.11"]
[Round "1.1"]
[White "Rigolot, Lucie"]
[Black "Roumegous, Marina"]
[Result "0-1"]
[WhiteElo "1806"]
[BlackElo "2220"]
[Annotator "Rivier,Sylvain"]
[PlyCount "68"]

1. e4 c6 2. d4 d5 3. exd5 cxd5 4. Bd3 Nc6 5. c3 g6 6. Bf4 Bg7 7. h3 Nh6 8. Nf3
f6 9. O-O Nf7 10. Bb5 O-O 11. Re1 Re8 12. Na3 a6 13. Be2 e5 14. dxe5 fxe5 15.
Bg3 e4 16. Nh2 b5 17. Qd2 Be6 18. Ng4 d4 19. cxd4 Qxd4 20. Qxd4 Nxd4 21. Ne3
Nxe2+ 22. Rxe2 Rac8 23. Rae1 Bxa2 24. Ng4 h5 25. Nh2 b4 26. Nb1 a5 27. Nd2 Be5
28. Ndf1 a4 29. Ne3 Bb3 30. Nhf1 a3 31. Nd2 Be6 32. Ndc4 axb2 33. Nd2 Ba2 34.
Nc2 Rxc2 {suite illisible} 0-1

[Event "Championnat de France - Accession Fémini"]
[Site "Nimes"]
[Date "2009.08.11"]
[Round "1.1"]
[White "Armas, Lara-Maria"]
[Black "Batteau, Valerie"]
[Result "1-0"]
[WhiteElo "1948"]
[BlackElo "1951"]
[PlyCount "77"]

1. d4 e6 2. c4 d5 3. Nc3 Nf6 4. Bg5 Be7 5. e3 O-O 6. Nf3 b6 7. Qc2 Ba6 8. Ne5
c6 9. Bd3 dxc4 10. Nxc4 Nbd7 11. O-O h6 12. Bf4 c5 13. Qa4 cxd4 14. exd4 Bxc4
15. Bxc4 Nh5 16. Be3 e5 17. Bd5 Rb8 18. Qxa7 Ndf6 19. dxe5 Nxd5 20. Nxd5 Qxd5
21. Qxe7 Rfe8 22. Qd6 Qxd6 23. exd6 Red8 24. Rfd1 Rd7 25. Rac1 Nf6 26. Rc6 b5
27. Rb6 Rxb6 28. Bxb6 Ne8 29. Bc5 f6 30. Re1 Kf7 31. Re7+ Rxe7 32. dxe7 Nc7 33.
Kf1 Nd5 34. b3 f5 35. a4 Nxe7 36. Bxe7 Kxe7 37. a5 Kd7 38. b4 g5 39. Ke2 1-0

[Event "Championnat de France - Accession Fémini"]
[Site "Nimes"]
[Date "2009.08.11"]
[Round "1.1"]
[White "Fruteau, Sabine"]
[Black "Wohlers-Armas, Friederike"]
[Result "1-0"]
[WhiteElo "2126"]
[BlackElo "2061"]
[PlyCount "111"]

1. e4 c5 2. Nf3 d6 3. Bb5+ Bd7 4. Bxd7+ Qxd7 5. O-O g6 6. c3 Bg7 7. Qe2 Nc6 8.
Rd1 e5 9. Na3 Nge7 10. Nc2 O-O 11. d4 Qc7 12. dxc5 dxc5 13. b4 cxb4 14. cxb4
Rad8 15. Bb2 Rxd1+ 16. Rxd1 Rd8 17. b5 Rxd1+ 18. Qxd1 Nb8 19. Ne3 Nd7 20. Ba3
Nc5 21. Qc2 b6 22. Qc4 h6 23. Bb4 Kf8 24. a4 Ne6 25. Qxc7 Nxc7 26. Bd6 Ne8 27.
Bxe5 Bxe5 28. Nxe5 Nd6 29. f3 f5 30. exf5 gxf5 31. Kf2 Nb7 32. Nc6 f4 33. Nc4
Nd5 34. Nxa7 Nc5 35. a5 bxa5 36. Nxa5 Ke8 37. Nc4 Kd8 38. Nc6+ Kc7 39. Nd4 Kb7
40. g3 fxg3+ 41. hxg3 h5 42. Kg2 Ne7 43. Kh3 Ng6 44. f4 Ne4 45. f5 Nf8 46. Kg2
Ng5 47. Kf2 Nd7 48. Ke3 Nf7 49. Ne6 Nf6 50. Kd4 Nh6 51. Ke5 Nfg4+ 52. Kf4 Nf7
53. Nc5+ Kc7 54. b6+ Kc6 55. b7 Kc7 56. Na5 1-0

[Event "Championnat de France - Accession Fémini"]
[Site "Nimes"]
[Date "2009.08.11"]
[Round "1.1"]
[White "Forgues, Valerie"]
[Black "Khelif, Jihane"]
[Result "1-0"]
[WhiteElo "2010"]
[BlackElo "1750"]
[PlyCount "61"]

1. e4 e5 2. Nf3 Nf6 3. Nxe5 Qe7 4. Nf3 Nxe4 5. Be2 d5 6. d3 Nd6 7. d4 Ne4 8.
O-O Be6 9. Re1 Nd7 10. Bd3 Ndf6 11. Nc3 Nxc3 12. bxc3 h6 13. c4 O-O-O 14. cxd5
Rxd5 15. c4 Rd7 16. d5 Qd8 17. Ne5 Bb4 18. Bd2 Bxd2 19. Qxd2 Bg4 20. Nxd7 Bxd7
21. Rab1 Ng4 22. h3 Nf6 23. Qb4 b6 24. Qb3 Nh5 25. c5 Qg5 26. c6 Bf5 27. Bxf5+
Qxf5 28. Qa3 a5 29. d6 cxd6 30. Qxd6 Rd8 31. Qe7 1-0

[Event "Championnat de France - Accession Fémini"]
[Site "Nimes"]
[Date "2009.08.11"]
[Round "1.1"]
[White "Bismuth, Lea"]
[Black "Hourlier, Claire"]
[Result "0-1"]
[WhiteElo "1892"]
[BlackElo "1918"]
[PlyCount "102"]

1. Nc3 g6 2. e4 c5 3. f4 Nc6 4. Nf3 Bg7 5. Bc4 e6 6. d3 Nge7 7. O-O O-O 8. Qe1
d5 9. Bb3 a6 10. a4 Rb8 11. f5 d4 12. Ne2 exf5 13. Bf4 Ra8 14. Qh4 fxe4 15. Ng5
h5 16. Nxf7 Rxf7 17. Bxf7+ Kh7 18. Bg5 Qd6 19. Nf4 Nf5 20. Bxg6+ Qxg6 21. Nxg6
Nxh4 22. Nxh4 e3 23. Rf7 Kg8 24. Rff1 Nb4 25. Rac1 Bd7 26. a5 Re8 27. Ng6 Nc6
28. Nf4 Re5 29. h4 Be8 30. c3 Bf7 31. Rfe1 Re8 32. Ne2 Be6 33. cxd4 cxd4 34.
Nf4 Bf7 35. Ra1 Nb4 36. Ra4 Nc2 37. Re2 Bb3 38. Rxc2 Bxc2 39. Ra1 Bf8 40. Nxh5
Re6 41. Nf4 Rc6 42. g4 Bb3 43. Ne2 Bg7 44. Rc1 Rxc1+ 45. Nxc1 Bd1 46. Kf1 Bxg4
47. Bd8 Kf7 48. Nb3 e2+ 49. Kf2 Be5 50. Nxd4 Bxd4+ 51. Ke1 Bxb2 0-1

[Event "Championnat de France - Accession Fémini"]
[Site "Nimes"]
[Date "2009.08.11"]
[Round "1.1"]
[White "Gertosio-Serena, Sophie"]
[Black "Soubirou, Oriane"]
[Result "0-1"]
[WhiteElo "1794"]
[BlackElo "1916"]
[PlyCount "76"]

1. Nf3 c5 2. c4 Nf6 3. d4 cxd4 4. Nxd4 d6 5. g3 e6 6. Bg2 Be7 7. O-O O-O 8. b3
e5 9. Nb5 a6 10. N5c3 Nc6 11. Bb2 Bf5 12. Nd2 Rb8 13. Nf3 Qd7 14. Re1 b5 15.
cxb5 axb5 16. Nh4 Be6 17. Qd2 d5 18. Rad1 Rfd8 19. a3 d4 20. Ne4 Bxb3 21. Rc1
Bd5 22. Qd3 Na5 23. Nxf6+ Bxf6 24. Rcd1 Bxh4 25. Bxd5 Qxd5 26. gxh4 Nc4 27. Bc3
Rb6 28. Qf3 Rg6+ 29. Kf1 Qxf3 30. exf3 Ra8 31. Bb4 Rga6 32. Rc1 f6 33. Kg2 Kf7
34. Kg3 Ke6 35. Kg4 Nxa3 36. Rc7 Ra4 37. Rec1 h5+ 38. Kxh5 Rxb4 0-1

[Event "Championnat de France - Accession Fémini"]
[Site "Nimes"]
[Date "2009.08.12"]
[Round "2.1"]
[White "Batteau, Valerie"]
[Black "Roumegous, Marina"]
[Result "0-1"]
[WhiteElo "1951"]
[BlackElo "2220"]
[PlyCount "54"]
[EventDate "2009.??.??"]

1. e4 c6 2. Nf3 d5 3. exd5 cxd5 4. Ne5 Nc6 5. d4 Bf5 6. Bb5 Qb6 7. Nc3 e6 8.
O-O Bd6 9. Bf4 Rd8 10. g4 Bg6 11. h4 f6 12. Nxg6 hxg6 13. Bxd6 Rxd6 14. h5 gxh5
15. gxh5 Kf8 16. Bxc6 Rxc6 17. Na4 Qc7 18. Re1 Qf7 19. Qe2 Rxh5 20. Qd3 Ne7 21.
Nc5 Nf5 22. Kf1 Rh4 23. Kg2 Rh5 24. Kf1 b6 25. Qb5 Nxd4 26. Nxe6+ Rxe6 27. Qb4+
Qe7 0-1

[Event "Championnat de France - Accession Fémini"]
[Site "Nimes"]
[Date "2009.08.12"]
[Round "2.2"]
[White "Soubirou, Oriane"]
[Black "Rigolot, Lucie"]
[Result "1-0"]
[WhiteElo "1916"]
[BlackElo "1806"]
[PlyCount "77"]
[EventDate "2009.??.??"]

1. e4 c5 2. Nf3 e6 3. d4 cxd4 4. Nxd4 a6 5. g3 Qc7 6. Bg2 Nc6 7. Ne2 Nf6 8. O-O
Be7 9. Nbc3 O-O 10. a4 Rb8 11. h3 b5 12. axb5 axb5 13. Be3 Rd8 14. f4 d6 15. g4
g6 16. Ng3 Na5 17. Kh2 b4 18. Nce2 Nc4 19. Bc1 Ne8 20. g5 Bf8 21. b3 Bg7 22.
Ra2 Nb6 23. Be3 Bd7 24. h4 f6 25. h5 fxg5 26. fxg5 gxh5 27. Nxh5 d5+ 28. Kh1
dxe4 29. Nf6+ Kh8 30. Qe1 Nd5 31. Bd4 e5 32. Nxd5 Qd6 33. Bxe4 exd4 34. Qh4 h6
35. Nef4 Kg8 36. gxh6 Qxh6 37. Ne7+ Kf7 38. Bd5+ Be6 39. Bxe6+ 1-0

[Event "Championnat de France - Accession Fémini"]
[Site "Nimes"]
[Date "2009.08.12"]
[Round "2.3"]
[White "Wohlers-Armas, Friederike"]
[Black "Gertosio-Serena, Sophie"]
[Result "1/2-1/2"]
[WhiteElo "2061"]
[BlackElo "1794"]
[PlyCount "125"]
[EventDate "2009.??.??"]

1. d4 Nf6 2. c4 e6 3. Nc3 Bb4 4. e3 c5 5. a3 cxd4 6. exd4 Be7 7. Bd3 d5 8. c5
Nc6 9. Nf3 Qc7 10. Bg5 O-O 11. Bc2 b6 12. Qd3 g6 13. b4 a6 14. O-O Bb7 15. Rfe1
Kg7 16. Qd2 Rfe8 17. Bf4 Qd8 18. h3 Nh5 19. Bh2 Kg8 20. g4 Ng7 21. Na4 bxc5 22.
bxc5 Qa5 23. Qh6 Qd8 24. Rab1 Nxd4 25. Nxd4 Bg5 26. Qxg5 Qxg5 27. Rxb7 h5 28.
Nf3 Qf6 29. Kg2 e5 30. Bxe5 Rxe5 31. Nxe5 Qf4 32. c6 Ne6 33. c7 Nxc7 34. Rxc7
Rf8 35. Re2 hxg4 36. Nxg4 Qxc7 37. Nf6+ Kg7 38. Nxd5 Qc6 39. Nac3 Rd8 40. Be4
Qc4 41. Re3 Qc5 42. a4 a5 43. Rg3 Re8 44. Bf3 Rh8 45. Be2 Qc8 46. Bg4 Qc6 47.
f4 Rd8 48. Bf3 Qb7 49. h4 Qb2+ 50. Kh3 Qf2 51. Bg2 Rh8 52. Ne4 Qc2 53. f5 Qc8
54. Ne3 Qd7 55. Rg4 Kf8 56. f6 Qe6 57. Kg3 Qe5+ 58. Rf4 Rxh4 59. Ng4 Qb8 60.
Bf1 Rh5 61. Kf3 Qb3+ 62. Ne3 Qxa4 63. Ng3 1/2-1/2

[Event "Championnat de France - Accession Fémini"]
[Site "Nimes"]
[Date "2009.08.12"]
[Round "2.4"]
[White "Khelif, Jihane"]
[Black "Fruteau, Sabine"]
[Result "0-1"]
[WhiteElo "1750"]
[BlackElo "2126"]
[PlyCount "70"]
[EventDate "2009.??.??"]

1. e4 e5 2. Nf3 Nc6 3. d4 exd4 4. Nxd4 Nf6 5. Nxc6 bxc6 6. Bd3 Bc5 7. e5 Qe7 8.
O-O Nd5 9. Qg4 O-O 10. Qh5 g6 11. Qe2 Re8 12. Re1 Bd4 13. c4 Nb4 14. Bf4 Bxb2
15. Qxb2 Nxd3 16. Qd2 Nxe1 17. Qxe1 d6 18. Nc3 dxe5 19. Bd2 Bf5 20. Qe3 Rad8
21. Qh6 Rd4 22. Re1 Rxc4 23. Ne2 Qf8 24. Qe3 f6 25. Ng3 Be6 26. Qxa7 Rc2 27.
Be3 Rxa2 28. Qxc7 Bd5 29. h4 Rea8 30. Kh2 Ra1 31. Rxa1 Rxa1 32. h5 Ra8 33. f4
Qd8 34. Qb7 c5 35. Qb5 Ra2 0-1

[Event "Championnat de France - Accession Fémini"]
[Site "Nimes"]
[Date "2009.08.12"]
[Round "2.5"]
[White "Hourlier, Claire"]
[Black "Forgues, Valerie"]
[Result "1-0"]
[WhiteElo "1918"]
[BlackElo "2010"]
[PlyCount "65"]
[EventDate "2009.??.??"]

1. e4 e5 2. Nf3 Nc6 3. Bc4 Bc5 4. b4 Bxb4 5. c3 Be7 6. d4 exd4 7. Qb3 Na5 8.
Bxf7+ Kf8 9. Qa4 Kxf7 10. Qxa5 d6 11. cxd4 c6 12. Qa4 Qc7 13. O-O Bg4 14. Nbd2
Nf6 15. Qb3+ d5 16. Ne5+ Kf8 17. Nxg4 Nxg4 18. Qf3+ Nf6 19. e5 Re8 20. Nb3 h6
21. exf6 Bxf6 22. Bf4 Qf7 23. Rfe1 Kg8 24. Rxe8+ Qxe8 25. Qe3 Qf7 26. Re1 Kh7
27. Qd3+ g6 28. Qe3 Qg7 29. Qd2 h5 30. Bg5 Rf8 31. Re6 Rf7 32. Bxf6 Rxf6 33.
Qe3 1-0

[Event "Championnat de France - Accession Fémini"]
[Site "Nimes"]
[Date "2009.08.12"]
[Round "2.6"]
[White "Armas, Lara-Maria"]
[Black "Bismuth, Lea"]
[Result "1/2-1/2"]
[WhiteElo "1948"]
[BlackElo "1892"]
[PlyCount "58"]
[EventDate "2009.??.??"]

1. e4 c5 2. Nf3 d6 3. c3 Nf6 4. Bd3 Nc6 5. O-O Bg4 6. h3 Bh5 7. Bc2 Qc7 8. Na3
a6 9. d4 e6 10. Bf4 cxd4 11. cxd4 Bxf3 12. gxf3 Qb6 13. d5 exd5 14. exd5 Nb4
15. Re1+ Kd8 16. Bb3 Rc8 17. Qd2 a5 18. Be3 Qa6 19. Rac1 Rxc1 20. Rxc1 b5 21.
Qd4 Nd7 22. Qa7 Qxa7 23. Bxa7 a4 24. Bd1 Nxa2 25. Ra1 Nb4 26. Nxb5 Nxd5 27.
Bxa4 Nf4 28. Be3 g5 29. Rd1 Ne5 1/2-1/2

[Event "Championnat de France - Accession Fémin"]
[Site "Nimes"]
[Date "2009.08.13"]
[Round "3.1"]
[White "Bismuth, Lea"]
[Black "Batteau, Valerie"]
[Result "1-0"]
[WhiteElo "1892"]
[BlackElo "1951"]
[PlyCount "95"]

1. e4 e6 2. d4 d5 3. exd5 exd5 4. Bd3 Bd6 5. Nc3 c6 6. Be3 Ne7 7. Qe2 O-O 8.
Nf3 Bf5 9. O-O-O Nd7 10. h3 b5 11. g4 Bxd3 12. Qxd3 Re8 13. h4 Qa5 14. Kb1 Rab8
15. Ng5 Nf8 16. h5 b4 17. Ne2 Rb6 18. Nc1 Qb5 19. h6 Qxd3 20. Nxd3 g6 21. Bf4
Bb8 22. Rde1 f6 23. Ne6 Nxe6 24. Rxe6 Kf7 25. Rhe1 g5 26. Bd2 a5 27. Nc5 Ba7
28. Nd7 Rb7 29. Nxf6 Rc8 30. Nxh7 Bxd4 31. Nxg5+ Kf8 32. Be3 Bxe3 33. R1xe3 d4
34. Rf3+ Kg8 35. h7+ Kh8 36. Nf7+ Kxh7 37. Nd6 Rbc7 38. Rf7+ Kg8 39. Rexe7 Rxe7
40. Rxe7 Rf8 41. Nf5 Rf6 42. Kc1 Kf8 43. Ra7 Rg6 44. f3 Re6 45. Nxd4 Rd6 46.
Nf5 Rd5 47. Ra6 Rc5 48. Nd4 1-0

[Event "Championnat de France - Accession Fémin"]
[Site "Nimes"]
[Date "2009.08.13"]
[Round "3.2"]
[White "Forgues, Valerie"]
[Black "Armas, Lara-Maria"]
[Result "0-1"]
[WhiteElo "2010"]
[BlackElo "1948"]
[PlyCount "116"]

1. e4 c5 2. Nf3 d6 3. d4 cxd4 4. Nxd4 Nf6 5. Nc3 a6 6. Be2 e5 7. Nb3 Be7 8. O-O
Be6 9. Kh1 O-O 10. f4 Qc7 11. f5 Bc4 12. g4 d5 13. g5 Nxe4 14. Nxe4 dxe4 15.
Bxc4 Qxc4 16. f6 Bb4 17. fxg7 Kxg7 18. Be3 Nc6 19. c3 Rad8 20. Qh5 Be7 21. Rf2
Rd3 22. Nd2 Qe6 23. Re1 Qg6 24. Qxg6+ Kxg6 25. Nxe4 Rfd8 26. h4 Rd1 27. Rxd1
Rxd1+ 28. Kg2 Re1 29. Kf3 Rh1 30. Kg4 Re1 31. h5+ Kg7 32. Ng3 Kg8 33. Kf3 Na5
34. b3 Nc6 35. Nf5 Bf8 36. Re2 Rf1+ 37. Rf2 Re1 38. Ng3 Be7 39. Rd2 Rxe3+ 40.
Kxe3 Bxg5+ 41. Kd3 Bxd2 42. Kxd2 Kf8 43. Nf5 Ne7 44. Nd6 b5 45. c4 bxc4 46.
Nxc4 Nc6 47. Ke3 Ke7 48. Ke4 Ke6 49. Ne3 Nd4 50. Nc4 f5+ 51. Ke3 Nb5 52. Nd2
f4+ 53. Kd3 Nd6 54. b4 Kd5 55. a4 e4+ 56. Ke2 Nf5 57. Ke1 Nd4 58. Nf1 e3 0-1

[Event "Championnat de France - Accession Fémin"]
[Site "Nimes"]
[Date "2009.08.13"]
[Round "3.3"]
[White "Fruteau, Sabine"]
[Black "Hourlier, Claire"]
[Result "1-0"]
[WhiteElo "2126"]
[BlackElo "1918"]
[PlyCount "95"]

1. e4 c5 2. Nf3 g6 3. c3 d5 4. exd5 Qxd5 5. d4 Nc6 6. Be3 cxd4 7. cxd4 Bg7 8.
Nc3 Qa5 9. Bc4 Nh6 10. Qd2 Nf5 11. O-O O-O 12. a3 Ncxd4 13. Nxd4 Bxd4 14. Bxd4
Rd8 15. b4 Nxd4 16. bxa5 Nf3+ 17. gxf3 Rxd2 18. Rfd1 Rc2 19. Rac1 Bf5 20. Rxc2
Bxc2 21. Rd2 Bf5 22. Nd5 Kf8 23. Ne3 Bh3 24. Rb2 b6 25. axb6 axb6 26. Rb3 Ra4
27. Bf1 Be6 28. Rc3 Ra5 29. Bg2 Ra4 30. h3 h5 31. f4 Rxf4 32. Nd5 Ra4 33. Nxb6
Ra6 34. Nd5 Bxd5 35. Bxd5 Ra7 36. Rc8+ Kg7 37. Ra8 Rd7 38. Bf3 f5 39. a4 e5 40.
Bc6 Rc7 41. Bb5 e4 42. a5 Rc5 43. Rb8 Rc1+ 44. Kg2 h4 45. a6 Ra1 46. Rb7+ Kf6
47. a7 Ke6 48. Rb6+ 1-0

[Event "Championnat de France - Accession Fémin"]
[Site "Nimes"]
[Date "2009.08.13"]
[Round "3.4"]
[White "Gertosio-Serena, Sophie"]
[Black "Khelif, Jihane"]
[Result "1/2-1/2"]
[WhiteElo "1794"]
[BlackElo "1750"]
[PlyCount "66"]

1. e4 d5 2. exd5 Nf6 3. Nc3 Nxd5 4. d4 Nxc3 5. bxc3 g6 6. Nf3 Bg7 7. Bc4 O-O 8.
O-O Bg4 9. Re1 e5 10. h3 Bxf3 11. Qxf3 Nd7 12. Ba3 c5 13. Rad1 Qa5 14. dxc5
Nxc5 15. Bb4 Qc7 16. Rd5 b6 17. Qe3 Rad8 18. Red1 Rxd5 19. Rxd5 Rc8 20. Bxc5
bxc5 21. Ba6 Rb8 22. Qxc5 Qxc5 23. Rxc5 Rb1+ 24. Kh2 Rb2 25. Bc4 Rxc2 26. Kg1
e4 27. Rc8+ Bf8 28. Kf1 Rc1+ 29. Ke2 Rc2+ 30. Ke3 Rxc3+ 31. Kxe4 Kg7 32. Rc7
Kh6 33. Rc6 f5+ 1/2-1/2

[Event "Championnat de France - Accession Fémin"]
[Site "Nimes"]
[Date "2009.08.13"]
[Round "3.5"]
[White "Rigolot, Lucie"]
[Black "Wohlers-Armas, Friederike"]
[Result "1-0"]
[WhiteElo "1806"]
[BlackElo "2061"]
[PlyCount "129"]
[EventDate "2009.??.??"]

1. e4 g6 2. d4 d6 3. Nc3 c6 4. d5 Bg7 5. g3 Qb6 6. Nge2 Nd7 7. Bg2 Ngf6 8. O-O
O-O 9. Rb1 c5 10. h3 a6 11. Be3 Qa5 12. a4 Nb6 13. b3 Ne8 14. Bd2 Nd7 15. Nb5
Qd8 16. Na3 b6 17. Nc4 Nc7 18. f4 Rb8 19. g4 f5 20. gxf5 gxf5 21. exf5 Rxf5 22.
Ne3 Rf7 23. Ng3 Nf6 24. Bc3 Bb7 25. Bxf6 Bxf6 26. Kh2 b5 27. Ngf5 Kh8 28. Be4
Qf8 29. Qh5 Ne8 30. Nh6 Rg7 31. Rg1 Bd4 32. Rxg7 Qxg7 33. Nf7+ Kg8 34. Rg1
Qxg1+ 35. Kxg1 Bxe3+ 36. Kh1 Nf6 37. Nh6+ Kh8 38. Qf3 Bd4 39. c3 e6 40. cxd4
Nxe4 41. Qg2 Rf8 42. Qb2 Bxd5 43. dxc5+ Nf6+ 44. Kh2 dxc5 45. axb5 axb5 46. Ng4
Kg7 47. Qe5 h6 48. f5 Bxb3 49. fxe6 Bxe6 50. Qxe6 Nxg4+ 51. hxg4 Rg8 52. Kh3
Kh7 53. Kh4 Rg5 54. Qd7+ Kg8 55. Qxb5 Kg7 56. Qd7+ Kg8 57. Qe6+ Kg7 58. Qe7+
Kg8 59. Qf6 Kh7 60. Qf8 Rg7 61. Qxc5 Rg5 62. Qf8 Rg8 63. Qf5+ Kh8 64. Kh5 Rg5+
65. Kxh6 1-0

[Event "Championnat de France - Accession Fémin"]
[Site "Nimes"]
[Date "2009.08.13"]
[Round "3.6"]
[White "Roumegous, Marina"]
[Black "Soubirou, Oriane"]
[Result "1-0"]
[WhiteElo "2220"]
[BlackElo "1916"]
[PlyCount "91"]

1. d4 Nf6 2. c4 g6 3. Nc3 d5 4. Nf3 Bg7 5. Bg5 Ne4 6. cxd5 Nxg5 7. Nxg5 e6 8.
Qd2 h6 9. Nf3 exd5 10. e3 O-O 11. Bd3 Re8 12. h3 b6 13. b4 Bb7 14. O-O Nd7 15.
Rac1 Nf8 16. Qc2 g5 17. Ne2 Ne6 18. Ng3 c5 19. bxc5 bxc5 20. Nf5 c4 21. Be2 Qc7
22. Nh2 Rad8 23. Ng4 h5 24. Ngh6+ Bxh6 25. Nxh6+ Kg7 26. Nf5+ Kf6 27. Bxh5 Rh8
28. Bg4 Rdg8 29. Qe2 Ng7 30. Qf3 Nxf5 31. Qxf5+ Ke7 32. Rb1 Bc6 33. f4 gxf4 34.
Rxf4 Rg7 35. Qf6+ Kf8 36. Rbf1 Rhg8 37. R1f2 Rh8 38. Be6 Rhh7 39. Bf5 Rh8 40.
Rg4 Rhg8 41. Rxg7 Rxg7 42. Qh6 Bd7 43. Qf6 Bb5 44. e4 dxe4 45. Bxe4 Qa5 46.
Qd6+ 1-0

[Event "Championnat de France - Accession Fémini"]
[Site "Nimes"]
[Date "2009.08.14"]
[Round "4.1"]
[White "Batteau, Valerie"]
[Black "Soubirou, Oriane"]
[Result "1/2-1/2"]
[WhiteElo "1951"]
[BlackElo "1916"]
[PlyCount "76"]
[EventDate "2009.??.??"]

1. e4 c5 2. Nf3 d6 3. c3 Qc7 4. d4 Nf6 5. Bd3 g6 6. O-O Bg7 7. h3 O-O 8. Be3
Nfd7 9. Nbd2 a6 10. Qa4 Nc6 11. Rac1 b5 12. Qd1 Bb7 13. a4 Qb6 14. axb5 axb5
15. dxc5 dxc5 16. b4 Ra3 17. Nb3 Rd8 18. Nxc5 Nxc5 19. Bxc5 Qc7 20. Qe2 Na5 21.
Nd4 Nb3 22. Nxb5 Nxc1 23. Rxc1 Qd7 24. Nxa3 Qxd3 25. Qxd3 Rxd3 26. Nb5 Bxe4 27.
Bxe7 f5 28. Bc5 f4 29. Nd6 Bd5 30. c4 Be6 31. Re1 Bf7 32. Nxf7 Kxf7 33. f3 Bc3
34. Re7+ Kf6 35. b5 Bd4+ 36. Bxd4+ Kxe7 37. Ba7 Kd7 38. c5 Kc7 1/2-1/2

[Event "Championnat de France - Accession Fémini"]
[Site "Nimes"]
[Date "2009.08.14"]
[Round "4.2"]
[White "Wohlers-Armas, Friederike"]
[Black "Roumegous, Marina"]
[Result "1-0"]
[WhiteElo "2061"]
[BlackElo "2220"]
[PlyCount "113"]
[EventDate "2009.??.??"]

1. d4 d6 2. c4 e5 3. d5 f5 4. Nc3 Nf6 5. Qc2 c6 6. Bg5 Be7 7. dxc6 bxc6 8.
O-O-O O-O 9. Nf3 Na6 10. Nxe5 Nb4 11. Qa4 Qb6 12. c5 Qxc5 13. Qb3+ Nbd5 14.
Nxc6 Kh8 15. Nxe7 Nxe7 16. Be3 Qc7 17. Bf4 Ne4 18. f3 Ng6 19. fxe4 Nxf4 20. e3
Ng6 21. Qd5 Rb8 22. Qxd6 Qb7 23. Rd2 fxe4 24. Bc4 Bf5 25. h3 Rf6 26. Qd5 Qe7
27. Rhd1 h6 28. Qd4 Ne5 29. Nd5 Qe6 30. Nxf6 Qxf6 31. Bb3 Nd3+ 32. Kb1 Qe7 33.
g4 Bg6 34. Rc2 Rf8 35. Bc4 Nf2 36. Qd6 Qe8 37. Rf1 Rf6 38. Qg3 Nd3 39. Rxf6
gxf6 40. Qd6 Kg7 41. Bd5 Ne5 42. Rc7+ Nf7 43. Bxf7 Bxf7 44. Rc6 Qe5 45. Qxe5
fxe5 46. Ra6 Bc4 47. Rxa7+ Kg6 48. b4 Kg5 49. a4 Kh4 50. Rh7 Kxh3 51. g5 Kg4
52. gxh6 Kf3 53. Rg7 Kxe3 54. h7 Kd2 55. h8=Q e3 56. Rd7+ Bd3+ 57. Rxd3+ 1-0

[Event "Championnat de France - Accession Fémini"]
[Site "Nimes"]
[Date "2009.08.14"]
[Round "4.3"]
[White "Khelif, Jihane"]
[Black "Rigolot, Lucie"]
[Result "0-1"]
[WhiteElo "1750"]
[BlackElo "1806"]
[PlyCount "77"]
[EventDate "2009.??.??"]

1. e4 c5 2. Nf3 e6 3. d4 cxd4 4. Nxd4 a6 5. Bd3 Bc5 6. Nb3 Ba7 7. N1d2 Qc7 8.
O-O Nf6 9. Kh1 b5 10. f4 d6 11. Qe2 Nc6 12. Nf3 e5 13. f5 d5 14. exd5 Nxd5 15.
Re1 f6 16. Be4 Nde7 17. Nh4 h5 18. Be3 Bb7 19. Nc5 Bxc5 20. Bxc5 O-O-O 21. Rad1
Kb8 22. Rxd8+ Rxd8 23. Qxh5 Qa5 24. Rd1 Qxa2 25. Bd6+ Ka7 26. h3 Qc4 27. Bd3
Qf4 28. Bc5+ Ka8 29. Ng6 Nxg6 30. Qxg6 e4 31. Rf1 Qe5 32. Bb6 Rd7 33. Be2 Qe7
34. Qh7 Qe8 35. Bh5 Qb8 36. Re1 Ne5 37. Rd1 Bd5 38. Bd4 Bg8 39. Qh8 0-1

[Event "Championnat de France - Accession Fémini"]
[Site "Nimes"]
[Date "2009.08.14"]
[Round "4.4"]
[White "Hourlier, Claire"]
[Black "Gertosio-Serena, Sophie"]
[Result "1-0"]
[WhiteElo "1918"]
[BlackElo "1794"]
[PlyCount "33"]
[EventDate "2009.??.??"]

1. e4 d6 2. Nc3 Nf6 3. Bc4 g6 4. d3 Bg7 5. f4 Bg4 6. Nf3 c5 7. e5 Nfd7 8. Bxf7+
Kf8 9. Bd5 Nc6 10. O-O Nb6 11. Bb3 Nd4 12. Nxd4 cxd4 13. Qxg4 dxc3 14. Qe6 d5
15. f5 Ke8 16. f6 Bxf6 17. exf6 1-0

[Event "Championnat de France - Accession Fémini"]
[Site "Nimes"]
[Date "2009.08.14"]
[Round "4.5"]
[White "Armas, Lara-Maria"]
[Black "Fruteau, Sabine"]
[Result "1-0"]
[WhiteElo "1948"]
[BlackElo "2126"]
[PlyCount "91"]
[EventDate "2009.??.??"]

1. d4 Nf6 2. Nf3 d5 3. e3 e6 4. Bd3 c5 5. b3 cxd4 6. exd4 Nc6 7. a3 Bd6 8. O-O
h6 9. Bb2 O-O 10. Nbd2 Nh7 11. c4 f5 12. Re1 Nf6 13. b4 Ne4 14. b5 Ne7 15. c5
Bf4 16. Nf1 Ng6 17. a4 Bc7 18. Rc1 Nf4 19. c6 bxc6 20. Rxc6 Bd7 21. Rc1 Bd6 22.
Qb3 Qe8 23. Ne5 Bxe5 24. dxe5 Qg6 25. Ng3 h5 26. Bf1 h4 27. Ne2 Nxe2+ 28. Rxe2
f4 29. f3 Ng5 30. Kh1 h3 31. Rc7 Be8 32. Qc2 hxg2+ 33. Bxg2 Qh5 34. Qd3 Bg6 35.
Qb3 Be4 36. Rf2 Qh4 37. Rf1 Rac8 38. Rxc8 Rxc8 39. fxe4 dxe4 40. Bxe4 Nxe4 41.
Qxe6+ Kh7 42. Qf5+ Kh6 43. Qxe4 g5 44. e6 Qh3 45. Rf3 Qg4 46. Rd3 1-0

[Event "Championnat de France - Accession Fémini"]
[Site "Nimes"]
[Date "2009.08.14"]
[Round "4.6"]
[White "Bismuth, Lea"]
[Black "Forgues, Valerie"]
[Result "1/2-1/2"]
[WhiteElo "1892"]
[BlackElo "2010"]
[PlyCount "33"]
[EventDate "2009.??.??"]

1. Nc3 e5 2. Nf3 Nc6 3. d4 exd4 4. Nxd4 Nf6 5. Bg5 Bb4 6. e3 d5 7. Bb5 Qd6 8.
O-O Bxc3 9. bxc3 O-O 10. Nxc6 bxc6 11. Bf4 Qd7 12. Bd3 Re8 13. c4 Re7 14. Rb1
Ne4 15. Bxe4 Rxe4 16. cxd5 cxd5 17. Qd3 1/2-1/2

[Event "Championnat de France - Accession Fémini"]
[Site "Nimes"]
[Date "2009.08.15"]
[Round "5.1"]
[White "Forgues, Valerie"]
[Black "Batteau, Valerie"]
[Result "1-0"]
[WhiteElo "2010"]
[BlackElo "1951"]
[PlyCount "69"]

1. e4 e5 2. Nf3 Nc6 3. Bb5 a6 4. Ba4 Nf6 5. O-O b5 6. Bb3 Bc5 7. d3 h6 8. c3 d6
9. h3 O-O 10. Re1 Bb7 11. Nbd2 a5 12. a4 b4 13. Nf1 bxc3 14. bxc3 Rb8 15. Bc2
Ne7 16. Ng3 Re8 17. Nh2 d5 18. Ng4 Qd6 19. d4 Nxe4 20. dxc5 Qxc5 21. Nxe4 dxe4
22. Be3 Qxc3 23. Qd2 Qb4 24. Qxb4 axb4 25. Nxe5 Bd5 26. Nd7 Ra8 27. Nc5 Nc6 28.
Red1 Rad8 29. a5 f5 30. Ba4 Rf8 31. Nb7 Ne5 32. Nxd8 Rxd8 33. Rxd5 Rxd5 34. Bb3
c6 35. a6 1-0

[Event "Championnat de France - Accession Fémini"]
[Site "Nimes"]
[Date "2009.08.15"]
[Round "5.2"]
[White "Fruteau, Sabine"]
[Black "Bismuth, Lea"]
[Result "1-0"]
[WhiteElo "2126"]
[BlackElo "1892"]
[PlyCount "67"]

1. e4 c5 2. Nf3 d6 3. Bb5+ Nc6 4. O-O Bg4 5. c3 Rc8 6. h3 Bh5 7. Re1 e6 8. d3
Nge7 9. a4 a6 10. Bxc6+ Nxc6 11. Nbd2 Be7 12. Nf1 O-O 13. Ng3 Bg6 14. Nh2 Bh4
15. Ne2 c4 16. g3 cxd3 17. Nf4 Be7 18. h4 h6 19. Nxd3 Qc7 20. Qg4 Kh8 21. Nf4
Ne5 22. Nxg6+ Nxg6 23. Nf3 Rfe8 24. Qh5 d5 25. e5 Bc5 26. Bxh6 gxh6 27. Qxh6+
Kg8 28. h5 Bf8 29. Qg5 Be7 30. Qg4 Kg7 31. hxg6 fxg6 32. Nd4 Qd7 33. Nxe6+ Kh7
34. Kg2 1-0

[Event "Championnat de France - Accession Fémini"]
[Site "Nimes"]
[Date "2009.08.15"]
[Round "5.3"]
[White "Gertosio-Serena, Sophie"]
[Black "Armas, Lara-Maria"]
[Result "1/2-1/2"]
[WhiteElo "1794"]
[BlackElo "1948"]
[PlyCount "54"]

1. Nf3 d5 2. d4 Nf6 3. g3 Bf5 4. c4 e6 5. Bg2 c6 6. Nbd2 h6 7. O-O Be7 8. b3 a5
9. Bb2 a4 10. Ne5 Nbd7 11. Nd3 O-O 12. f3 c5 13. e4 Bh7 14. Nf4 dxc4 15. Nxc4
cxd4 16. Bxd4 b5 17. Ne5 Nxe5 18. Bxe5 Nd7 19. Bc3 b4 20. Bd2 axb3 21. axb3
Rxa1 22. Qxa1 Nc5 23. Bxb4 Qb6 24. Qa5 Qxa5 25. Bxa5 Nxb3 26. Bb6 Rb8 27. Be3
Bc5 1/2-1/2